| 000 | 00389nam a2200145 a 4500 | ||
|---|---|---|---|
| 001 | 2605 | ||
| 003 | CDMR | ||
| 005 | 20130319120404.0 | ||
| 008 | 130130s1989||||||||||||||||||||||||||||d | ||
| 040 |
_aCDMR _bcat _cCPC LLEIDA |
||
| 100 | 1 |
_aTrepat Ribé, Roser _91950 |
|
| 245 | 1 | 0 |
_aLluís Trepat, Obra pictòrica 1943-1988 _cTREPAT RIBÉ, Roser |
| 260 |
_aLleida _c1989 _bPagès |
||
| 942 |
_cMON _2udc |
||
| 999 |
_c2605 _d2605 |
||